[Event "EU-ch U18"]
[Site "Bratislava"]
[Date "2019.08.08"]
[Round "7"]
[White "Gumularz, Szymon"]
[Black "Kotau, Arseni"]
[Result "1-0"]
[WhiteElo "2501"]
[BlackElo "2227"]
[PlyCount "57"]
[EventDate "2019.08.02"]
[EventType "swiss"]
[EventRounds "9"]
[EventCountry "SVK"]
[SourceTitle "CBM 191 Extra"]
[Source "ChessBase"]
[SourceDate "2019.09.30"]
[SourceVersion "1"]
[SourceVersionDate "2019.09.30"]
[SourceQuality "1"]

1. e4 c5 2. Nf3 e6 3. d4 cxd4 4. Nxd4 a6 5. Be2 Nf6 6. Nc3 Qc7 7. 0-0 d6 8. f4 Nbd7 9. Bf3 Be7 10. a4 0-0 11. g4 Rd8 12. g5 Ne8 13. Bg2 Ne5 14. Kh1 Nc4 15. f5 Qb6 16. fxe6 fxe6 17. Nxe6 Bxe6 18. Nd5 Bxd5 19. Qxd5+ Kh8 20. Qxc4 d5 21. exd5 Nd6 22. Qe2 Re8 23. Qd3 Rf8 24. Bd2 Rxf1+ 25. Rxf1 Qxb2 26. Bc3 Qb6 27. g6 h6 28. Qh3 Bg5 29. Qd7 1-0

[Event "EU-ch U18"]
[Site "Bratislava"]
[Date "2019.08.07"]
[Round "6"]
[White "Kotau, Arseni"]
[Black "Galiana Fernandez, Adrian"]
[Result "1-0"]
[WhiteElo "2227"]
[BlackElo "2295"]
[PlyCount "53"]
[EventDate "2019.08.02"]
[EventType "swiss"]
[EventRounds "9"]
[EventCountry "SVK"]
[SourceTitle "CBM 191 Extra"]
[Source "ChessBase"]
[SourceDate "2019.09.30"]
[SourceVersion "1"]
[SourceVersionDate "2019.09.30"]
[SourceQuality "1"]

1. d4 Nf6 2. c4 e6 3. g3 d5 4. Bg2 Be7 5. Nf3 0-0 6. 0-0 dxc4 7. Qc2 b5 8. a4 b4 9. Ne5 Qxd4 10. Bxa8 Qxe5 11. Bf3 Nd5 12. Qxc4 Ba6 13. Qc2 c5 14. Nd2 Nc6 15. Nc4 Qd4 16. Ne3 Ne5 17. Bxd5 b3 18. Bxb3 c4 19. Ba2 Rc8 20. Bd2 Ng4 21. Bb1 f5 22. Bc3 Qxe3 23. fxe3 Nxe3 24. Qd2 Bc5 25. Qd7 e5 26. Bxe5 Ng4+ 27. Bd4 1-0

[Event "EU-ch U18"]
[Site "Bratislava"]
[Date "2019.08.03"]
[Round "2"]
[White "Horak, Jan"]
[Black "Kotau, Arseni"]
[Result "0-1"]
[WhiteElo "2044"]
[BlackElo "2227"]
[PlyCount "82"]
[EventDate "2019.08.02"]
[EventType "swiss"]
[EventRounds "9"]
[EventCountry "SVK"]
[SourceTitle "CBM 191 Extra"]
[Source "ChessBase"]
[SourceDate "2019.09.30"]
[SourceVersion "1"]
[SourceVersionDate "2019.09.30"]
[SourceQuality "1"]

1. d4 Nf6 2. g3 g6 3. Bg2 Bg7 4. e4 d6 5. Ne2 0-0 6. 0-0 e5 7. Nbc3 c6 8. a4 Qc7 9. h3 Nbd7 10. Be3 exd4 11. Nxd4 Re8 12. Qd2 Nc5 13. f3 b6 14. Rad1 Ba6 15. Rfe1 Rad8 16. b4 Ne6 17. f4 Nxd4 18. Bxd4 Bb7 19. Bf2 a6 20. a5 bxa5 21. bxa5 Qxa5 22. Ra1 Qc7 23. Rab1 Nd7 24. Ne2 c5 25. Rbd1 Nb6 26. Nc3 Nc4 27. Nd5 Bxd5 28. Qxd5 Nb6 29. Qg5 Na4 30. f5 Qe7 31. Qg4 Nc3 32. Rd3 c4 33. Rd4 Bxd4 34. Bxd4 Nb5 35. Be3 Qe5 36. Bg5 d5 37. Qh4 dxe4 38. fxg6 fxg6 39. Rxe4 Qc5+ 40. Kh2 Rxe4 41. Bxe4 Rd1 0-1

[Event "Wch U16"]
[Site "Porto Carras"]
[Date "2018.10.23"]
[Round "5"]
[White "Mitsis, Georgios"]
[Black "Kotau, Arseni"]
[Result "1-0"]
[WhiteElo "2350"]
[BlackElo "2167"]
[PlyCount "61"]
[EventDate "2018.10.20"]
[EventType "swiss"]
[EventRounds "11"]
[EventCountry "GRE"]
[SourceTitle "CBM 187 Extra"]
[Source "ChessBase"]
[SourceDate "2018.11.04"]
[SourceVersion "1"]
[SourceVersionDate "2018.11.04"]
[SourceQuality "1"]

1. d4 Nf6 2. Nf3 g6 3. c4 Bg7 4. Nc3 0-0 5. e4 d6 6. Be2 Bg4 7. Be3 Nfd7 8. d5 c5 9. h4 b5 10. cxb5 Bxf3 11. Bxf3 a6 12. a4 Qa5 13. Bd2 Ne5 14. Be2 c4 15. Qb1 Rc8 16. Ra3 Qb4 17. Na2 Qc5 18. Be3 Qc7 19. b6 Qb7 20. a5 Nbd7 21. 0-0 Nc5 22. Nb4 e6 23. Rd1 exd5 24. exd5 f5 25. Nc6 Rxc6 26. dxc6 Qxc6 27. Qc2 d5 28. f4 Nf7 29. Bf3 Rd8 30. Rxd5 Rxd5 31. Qxc4 1-0

[Event "BLR-ch U20"]
[Site "Rogachev"]
[Date "2018.04.30"]
[Round "7"]
[White "Kotau, Arseni"]
[Black "Filipets, Egor"]
[Result "0-1"]
[WhiteElo "2147"]
[BlackElo "2324"]
[PlyCount "88"]
[EventDate "2018.04.24"]
[EventType "tourn"]
[EventRounds "9"]
[EventCountry "BLR"]
[SourceTitle "CBM 184 Extra"]
[Source "ChessBase"]
[SourceDate "2018.06.28"]
[SourceVersion "1"]
[SourceVersionDate "2018.06.28"]
[SourceQuality "1"]

1. d4 f5 2. Nf3 Nf6 3. g3 g6 4. Bg2 Bg7 5. 0-0 0-0 6. b3 d6 7. Bb2 Ng4 8. c4 Nc6 9. Nc3 e5 10. dxe5 Ngxe5 11. Qd2 f4 12. Nxe5 Nxe5 13. gxf4 Ng4 14. h3 Nh6 15. e3 Qh4 16. Qd5+ Nf7 17. Qf3 Ne5 18. Qd5+ Nf7 19. Qf3 g5 20. Qg3 Qh5 21. Rad1 Kh8 22. Rd5 c6 23. Rxg5 Nxg5 24. Qxg5 Qf7 25. Rd1 Rg8 26. Rxd6 Bxh3 27. Bxh3 Be5 28. Re6 Rxg5+ 29. fxg5 Bg7 30. Bg4 Re8 31. Rd6 Qe7 32. Rd7 Qxg5 33. Rxg7 Qxg7 34. Nd1 Re5 35. f3 h5 36. Nf2 Kh7 37. f4 hxg4 38. Bxe5 Qg6 39. e4 g3 40. Nh3 Qg4 41. Kg2 Kh6 42. Ng5 Kh5 43. Nf3 Qg6 44. f5 Qg4 0-1

[Event "BLR-ch U20"]
[Site "Rogachev"]
[Date "2018.04.29"]
[Round "6"]
[White "Klachkou, Tsimafei"]
[Black "Kotau, Arseni"]
[Result "1-0"]
[WhiteElo "1965"]
[BlackElo "2147"]
[PlyCount "88"]
[EventDate "2018.04.24"]
[EventType "tourn"]
[EventRounds "9"]
[EventCountry "BLR"]
[SourceTitle "CBM 184 Extra"]
[Source "ChessBase"]
[SourceDate "2018.06.28"]
[SourceVersion "1"]
[SourceVersionDate "2018.06.28"]
[SourceQuality "1"]

1. d4 Nf6 2. Bf4 g6 3. f3 Bg7 4. Qd2 c5 5. e3 0-0 6. c3 cxd4 7. exd4 d6 8. Bd3 Nc6 9. Bg5 e5 10. d5 Ne7 11. c4 b5 12. cxb5 Nexd5 13. Be4 Nxe4 14. fxe4 Nf6 15. Nc3 Bb7 16. Nf3 Qd7 17. Bxf6 Bxf6 18. 0-0 Bg7 19. Rad1 Rad8 20. Qe3 f5 21. Nd2 Ba8 22. Nc4 Qc7 23. b3 fxe4 24. Rxf8+ Bxf8 25. Nd5 Qf7 26. Qxe4 Rc8 27. a4 Kh8 28. Qf3 Qg8 29. Nxd6 Bxd5 30. Qxd5 Bxd6 31. Qxd6 Qxb3 32. Qxe5+ Kg8 33. Qd5+ Qxd5 34. Rxd5 Rc1+ 35. Kf2 Ra1 36. Rd4 Kf8 37. h4 h5 38. Kg3 Ke7 39. Kf4 Ra2 40. g3 Ra3 41. g4 hxg4 42. Kxg4 Ke6 43. Kg5 Ke5 44. Rg4 Rd3 1-0

[Event "BLR-ch U20"]
[Site "Rogachev"]
[Date "2018.04.27"]
[Round "4"]
[White "Tsaruk, Maksim"]
[Black "Kotau, Arseni"]
[Result "1-0"]
[WhiteElo "2106"]
[BlackElo "2147"]
[PlyCount "85"]
[EventDate "2018.04.24"]
[EventType "tourn"]
[EventRounds "9"]
[EventCountry "BLR"]
[SourceTitle "CBM 184 Extra"]
[Source "ChessBase"]
[SourceDate "2018.06.28"]
[SourceVersion "1"]
[SourceVersionDate "2018.06.28"]
[SourceQuality "1"]

1. e4 c5 2. Nf3 e6 3. d4 cxd4 4. Nxd4 a6 5. c4 Nf6 6. Nc3 Qc7 7. a3 b6 8. Be3 Bb7 9. f3 d6 10. Rc1 Nbd7 11. Be2 Be7 12. 0-0 0-0 13. b4 Rfc8 14. Qd2 Qd8 15. Rfd1 Rab8 16. Na4 Ne5 17. Qe1 Nfd7 18. Qf2 Ba8 19. f4 Ng6 20. f5 Ngf8 21. fxe6 fxe6 22. c5 b5 23. cxd6 Bxd6 24. Nc5 Bxc5 25. bxc5 Qe7 26. Bf4 e5 27. Nf5 Qf7 28. Bg5 Kh8 29. Qe3 Rc7 30. Be7 Re8 31. Bd6 Rc6 32. a4 bxa4 33. Bc4 Ne6 34. Rf1 Nf6 35. Bxe5 Qa7 36. Nxg7 Nxg7 37. Bxf6 Rc7 38. Qf2 Qxc5 39. Qxc5 Rxc5 40. Bf7 Rxc1 41. Rxc1 Rf8 42. e5 h6 43. Rc7 1-0

[Event "Orsha op"]
[Site "Orsha"]
[Date "2018.02.04"]
[Round "9"]
[White "Malakhatko, Vadim"]
[Black "Kotau, Arseni"]
[Result "1-0"]
[WhiteElo "2541"]
[BlackElo "2094"]
[PlyCount "127"]
[EventDate "2018.01.29"]
[EventType "swiss"]
[EventRounds "9"]
[EventCountry "BLR"]
[SourceTitle "CBM 182 Extra"]
[Source "ChessBase"]
[SourceDate "2018.02.23"]
[SourceVersion "1"]
[SourceVersionDate "2018.02.23"]
[SourceQuality "1"]

1. d4 Nf6 2. c4 g6 3. Nc3 Bg7 4. e4 d6 5. Nf3 0-0 6. Be2 c6 7. 0-0 e5 8. Re1 exd4 9. Nxd4 Nbd7 10. Bg5 Qc7 11. Qd2 Re8 12. f3 d5 13. cxd5 cxd5 14. Ndb5 Qb6+ 15. Be3 Qa5 16. Nxd5 Qxd2 17. Nxf6+ Bxf6 18. Bxd2 Be5 19. Rac1 Nf8 20. Nc7 Bxc7 21. Rxc7 Ne6 22. Rc3 Bd7 23. Be3 Bc6 24. Kf2 Red8 25. Rd1 Rxd1 26. Bxd1 Rd8 27. Bb3 a6 28. g4 Kg7 29. h4 h6 30. Rc1 Rd7 31. Bc4 Rd8 32. a3 Kh7 33. b3 Kg7 34. a4 h5 35. gxh5 gxh5 36. a5 Kf8 37. b4 Ke7 38. Bxa6 Bxe4 39. Be2 Bd5 40. b5 f5 41. Rd1 f4 42. Bb6 Rd6 43. Rd2 Kd7 44. Bf1 Bb3 45. Rxd6+ Kxd6 46. Bd3 Bd5 47. a6 bxa6 48. bxa6 Kc6 49. Ba7 Kc7 50. Kg2 Kc8 51. Bf2 Kb8 52. Bg6 Ng7 53. Bd4 Ne6 54. Be5+ Ka7 55. Bxh5 Kxa6 56. Bg4 Kb7 57. h5 Kc6 58. h6 Ng5 59. Bxf4 Nh7 60. Bf5 Bg8 61. Be5 Kd5 62. f4 Nf8 63. Kg3 Bh7 64. Kg4 1-0

[Event "World ol U16"]
[Site "Ahmedabad"]
[Date "2017.12.18"]
[Round "9.4"]
[White "Kotau, Arseni"]
[Black "Gholami Orimi, Mahdi"]
[Result "0-1"]
[WhiteElo "2145"]
[BlackElo "2298"]
[PlyCount "52"]
[EventDate "2017.12.11"]
[EventType "team-swiss"]
[EventRounds "9"]
[EventCountry "IND"]
[SourceTitle "CBM 182 Extra"]
[Source "ChessBase"]
[SourceDate "2018.02.23"]
[SourceVersion "1"]
[SourceVersionDate "2018.02.23"]
[SourceQuality "1"]
[WhiteTeam "Belarus"]
[BlackTeam "Iran"]
[WhiteTeamCountry "BLR"]
[BlackTeamCountry "IRI"]

1. d4 Nf6 2. c4 e6 3. Nc3 Bb4 4. Qc2 c5 5. dxc5 Na6 6. a3 Bxc3+ 7. Qxc3 Nxc5 8. b4 Nce4 9. Qd4 d5 10. c5 b6 11. f3 bxc5 12. bxc5 Qa5+ 13. Qb4 Qc7 14. fxe4 Rb8 15. Qa4+ Bd7 16. Qc2 Nxe4 17. Nf3 0-0 18. e3 Rfc8 19. Be2 Qd8 20. Bd2 Rxc5 21. Qd1 Rb2 22. Rc1 Ba4 23. Qxa4 Rxc1+ 24. Bxc1 Rxe2+ 25. Kf1 Qc8 26. Qd1 Rc2 0-1

[Event "World ol U16"]
[Site "Ahmedabad"]
[Date "2017.12.17"]
[Round "8.4"]
[White "Kotau, Arseni"]
[Black "Altantuya, Boldbaatar"]
[Result "1/2-1/2"]
[WhiteElo "2145"]
[BlackElo "1960"]
[PlyCount "184"]
[EventDate "2017.12.11"]
[EventType "team-swiss"]
[EventRounds "9"]
[EventCountry "IND"]
[SourceTitle "CBM 182 Extra"]
[Source "ChessBase"]
[SourceDate "2018.02.23"]
[SourceVersion "1"]
[SourceVersionDate "2018.02.23"]
[SourceQuality "1"]
[WhiteTeam "Belarus"]
[BlackTeam "Mongolia"]
[WhiteTeamCountry "BLR"]
[BlackTeamCountry "MGL"]

1. d4 Nf6 2. c4 e6 3. g3 d5 4. Bg2 Be7 5. Nf3 0-0 6. 0-0 dxc4 7. Qc2 a6 8. a4 Bd7 9. Qxc4 Bc6 10. Bg5 a5 11. Nc3 Na6 12. Rfe1 Nb4 13. Rac1 Ra6 14. e4 Rb6 15. Qe2 h6 16. Bf4 Na6 17. d5 Bd7 18. Red1 Qe8 19. dxe6 Bxe6 20. e5 Nd7 21. Nd4 Ndc5 22. Nxe6 fxe6 23. Be3 Rb4 24. Nb5 b6 25. Nd4 Qf7 26. Nxe6 Nxe6 27. Qxa6 Bc5 28. Bxc5 Nxc5 29. Qe2 Kh8 30. f4 Qa2 31. Rc2 Qxa4 32. Rcd2 Ne6 33. b3 Qe8 34. Bh3 Rxb3 35. Qg4 Nc5 36. e6 Qe7 37. Qg6 Re3 38. Bf5 Rxf5 39. Qxf5 Nxe6 40. Kf2 Rc3 41. Rd7 Qc5+ 42. Qxc5 Nxc5 43. Re7 a4 44. Rd8+ Kh7 45. f5 Rd3 46. Rxd3 Nxd3+ 47. Ke2 Nb4 48. f6 Kg8 49. Rxg7+ Kf8 50. Rxc7 Nd5 51. Ra7 b5 52. Kd3 Nxf6 53. Ra5 Ng4 54. h4 Nf2+ 55. Kc2 Ne4 56. g4 Nd6 57. Kc3 Kf7 58. Kd4 Ke6 59. Ra6 Ke7 60. Kc5 Ne4+ 61. Kxb5 Kf7 62. Kb6 Nf6 63. Rxa4 Nd5+ 64. Kc5 Ne3 65. Re4 Ng2 66. Re2 Nxh4 67. Rh2 Ng6 68. Rxh6 Ne5 69. g5 Kg7 70. Re6 Nf3 71. g6 Nh4 72. Kd5 Nxg6 73. Ke4 Kf7 74. Ra6 Ne7 75. Ke5 Ng6+ 76. Kf5 Nh4+ 77. Kg5 Nf3+ 78. Kf4 Nd4 79. Rd6 Ne6+ 80. Kf5 Ng7+ 81. Ke5 Nh5 82. Rh6 Ng7 83. Rf6+ Ke7 84. Rf2 Ne8 85. Ra2 Kf7 86. Ra6 Ng7 87. Rb6 Nh5 88. Kf5 Ng7+ 89. Ke4 Ke7 90. Ke5 Kf7 91. Rb7+ Kg6 92. Rxg7+ Kxg7 1/2-1/2

[Event "World ol U16"]
[Site "Ahmedabad"]
[Date "2017.12.12"]
[Round "3.4"]
[White "Tarigan, Gilbert Elroy"]
[Black "Kotau, Arseni"]
[Result "1-0"]
[WhiteElo "2091"]
[BlackElo "2145"]
[PlyCount "87"]
[EventDate "2017.12.11"]
[EventType "team-swiss"]
[EventRounds "9"]
[EventCountry "IND"]
[SourceTitle "CBM 182 Extra"]
[Source "ChessBase"]
[SourceDate "2018.02.23"]
[SourceVersion "1"]
[SourceVersionDate "2018.02.23"]
[SourceQuality "1"]
[WhiteTeam "Indonesia"]
[BlackTeam "Belarus"]
[WhiteTeamCountry "INA"]
[BlackTeamCountry "BLR"]

1. d4 Nf6 2. Nf3 g6 3. g3 Bg7 4. Bg2 0-0 5. 0-0 d6 6. c4 Nc6 7. Nc3 a6 8. b3 e5 9. Bb2 e4 10. Ng5 e3 11. f4 Ng4 12. Nd5 Re8 13. h3 Nf2 14. Rxf2 exf2+ 15. Kxf2 h6 16. Nf3 Ne7 17. Nc3 c5 18. dxc5 dxc5 19. e4 Nc6 20. e5 Bf5 21. Nd5 Be4 22. Qd2 b5 23. Qe3 Bxd5 24. Rd1 bxc4 25. bxc4 Qb6 26. cxd5 Qxb2+ 27. Rd2 Qb5 28. dxc6 Rac8 29. Nh4 Bf6 30. Bd5 Bxh4 31. gxh4 Qb4 32. a3 Qa4 33. Qg3 Rxc6 34. h5 Kg7 35. Bxc6 Qxc6 36. hxg6 Qxg6 37. Rc2 Rc8 38. f5 Qxg3+ 39. Kxg3 Rb8 40. Kf4 Rb3 41. f6+ Kg8 42. Rxc5 Rxa3 43. Rc8+ Kh7 44. e6 1-0

[Event "Chigorin Memorial 25th"]
[Site "St Petersburg"]
[Date "2017.10.29"]
[Round "9"]
[White "Slugin, Yaroslav"]
[Black "Kotau, Arseni"]
[Result "1/2-1/2"]
[WhiteElo "1992"]
[BlackElo "2187"]
[PlyCount "92"]
[EventDate "2017.10.21"]
[EventType "swiss"]
[EventRounds "9"]
[EventCountry "RUS"]
[SourceTitle "CBM 181 Extra"]
[Source "ChessBase"]
[SourceDate "2017.12.12"]
[SourceVersion "1"]
[SourceVersionDate "2017.12.12"]
[SourceQuality "1"]

1. d4 Nf6 2. Nf3 g6 3. Bg5 Bg7 4. Nbd2 d5 5. e3 0-0 6. b4 Nbd7 7. Be2 a5 8. b5 Re8 9. 0-0 e5 10. c4 e4 11. Ne1 Nb6 12. c5 Nbd7 13. c6 bxc6 14. bxc6 Nf8 15. a4 h6 16. Bh4 g5 17. Bg3 Ng6 18. Nc2 Ba6 19. Bb5 h5 20. h3 g4 21. hxg4 Nxg4 22. Qe2 Bc8 23. f3 exf3 24. Qxf3 Rf8 25. Nb3 h4 26. Bh2 Nxh2 27. Kxh2 Qg5 28. Nc5 Bg4 29. Qf2 Rad8 30. e4 dxe4 31. Nxe4 Qd5 32. Nf6+ Bxf6 33. Qxf6 Rd6 34. Qf2 Qg5 35. Rae1 Be6 36. Qe3 Qxe3 37. Rxe3 Bd5 38. Rc3 Be4 39. Rd1 Rfd8 40. Rd2 Bxc2 41. Rcxc2 Rxd4 42. Rxd4 Rxd4 43. Rc5 Nf4 44. Bc4 Kf8 45. Bb3 Ke7 46. Rxa5 Rd2 1/2-1/2

[Event "Chigorin Memorial 25th"]
[Site "St Petersburg"]
[Date "2017.10.26"]
[Round "6"]
[White "Kotau, Arseni"]
[Black "Vorobyova, Valeriya"]
[Result "1-0"]
[WhiteElo "2187"]
[BlackElo "1945"]
[PlyCount "53"]
[EventDate "2017.10.21"]
[EventType "swiss"]
[EventRounds "9"]
[EventCountry "RUS"]
[SourceTitle "CBM 181 Extra"]
[Source "ChessBase"]
[SourceDate "2017.12.12"]
[SourceVersion "1"]
[SourceVersionDate "2017.12.12"]
[SourceQuality "1"]

1. d4 Nf6 2. c4 g6 3. Nc3 d5 4. cxd5 Nxd5 5. Bd2 Bg7 6. e4 Nb6 7. Be3 0-0 8. Be2 Nc6 9. Nf3 Bg4 10. d5 Nb8 11. Bd4 c6 12. Bxg7 Kxg7 13. Qd4+ Kg8 14. 0-0 cxd5 15. exd5 Bf5 16. Rfd1 h6 17. Rac1 Nc8 18. Qh4 Kh7 19. Nd4 Bd7 20. Ne6 fxe6 21. dxe6 Nd6 22. exd7 Qxd7 23. Ne4 Nc6 24. Bg4 Nf5 25. Ng5+ Kg8 26. Bxf5 Qxf5 27. Qxh6 1-0

[Event "Chigorin Memorial 25th"]
[Site "St Petersburg"]
[Date "2017.10.23"]
[Round "3"]
[White "Razumovskiy, Mikhail"]
[Black "Kotau, Arseni"]
[Result "0-1"]
[WhiteElo "1908"]
[BlackElo "2187"]
[PlyCount "56"]
[EventDate "2017.10.21"]
[EventType "swiss"]
[EventRounds "9"]
[EventCountry "RUS"]
[SourceTitle "CBM 181 Extra"]
[Source "ChessBase"]
[SourceDate "2017.12.12"]
[SourceVersion "1"]
[SourceVersionDate "2017.12.12"]
[SourceQuality "1"]

1. d4 Nf6 2. c4 g6 3. f3 d6 4. e4 Bg7 5. Nc3 0-0 6. Be3 c5 7. Nge2 Nc6 8. d5 Ne5 9. Nc1 e6 10. Be2 exd5 11. cxd5 a6 12. a4 h5 13. 0-0 Nh7 14. Rb1 f5 15. b4 f4 16. Bf2 cxb4 17. Rxb4 Nxf3+ 18. Bxf3 Bxc3 19. Rb6 Ng5 20. Qd3 Be5 21. Bd4 Nxf3+ 22. gxf3 Bh3 23. Rf2 Rc8 24. Nb3 Bxd4 25. Qxd4 Rc4 26. Qxc4 Qxb6 27. a5 Qe3 28. Nd2 Rc8 0-1

[Event "Chigorin Memorial 25th"]
[Site "St Petersburg"]
[Date "2017.10.22"]
[Round "2"]
[White "Kotau, Arseni"]
[Black "Sindarov, Javokhir"]
[Result "0-1"]
[WhiteElo "2187"]
[BlackElo "2406"]
[PlyCount "60"]
[EventDate "2017.10.21"]
[EventType "swiss"]
[EventRounds "9"]
[EventCountry "RUS"]
[SourceTitle "CBM 181 Extra"]
[Source "ChessBase"]
[SourceDate "2017.12.12"]
[SourceVersion "1"]
[SourceVersionDate "2017.12.12"]
[SourceQuality "1"]

1. d4 Nf6 2. c4 g6 3. Nc3 Bg7 4. e4 d6 5. f3 0-0 6. Nge2 c5 7. Be3 b6 8. d5 e6 9. Ng3 Ba6 10. Be2 exd5 11. cxd5 Bxe2 12. Qxe2 a6 13. a4 Nbd7 14. 0-0 Ne8 15. Rad1 Nc7 16. f4 f6 17. e5 fxe5 18. f5 Nf6 19. fxg6 hxg6 20. Bg5 Qd7 21. Qd3 Kh7 22. Bxf6 Bxf6 23. Nce4 Bh4 24. Nh5 Qxa4 25. Qh3 Qxe4 26. Nf6+ Rxf6 27. Rxf6 Kg8 28. Rxd6 Rf8 29. Rxb6 Qc4 30. Qd3 Bf2+ 0-1

[Event "Chigorin Memorial 25th"]
[Site "St Petersburg"]
[Date "2017.10.21"]
[Round "1"]
[White "Pogorelov, Boris"]
[Black "Kotau, Arseni"]
[Result "0-1"]
[WhiteElo "1484"]
[BlackElo "2187"]
[PlyCount "82"]
[EventDate "2017.10.21"]
[EventType "swiss"]
[EventRounds "9"]
[EventCountry "RUS"]
[SourceTitle "CBM 181 Extra"]
[Source "ChessBase"]
[SourceDate "2017.12.12"]
[SourceVersion "1"]
[SourceVersionDate "2017.12.12"]
[SourceQuality "1"]

1. e4 c5 2. c3 d6 3. d4 Nf6 4. Bd3 g6 5. Nf3 Bg7 6. 0-0 0-0 7. h3 Nc6 8. Be3 cxd4 9. Nxd4 Ne5 10. Re1 Nxd3 11. Qxd3 Bd7 12. Nd2 a6 13. Qc2 Qc7 14. Rac1 Rac8 15. Qb3 e5 16. N4f3 Bc6 17. Qc2 b5 18. Red1 Qb7 19. Qb3 h6 20. Nh2 Bxe4 21. Nxe4 Nxe4 22. f3 Ng3 23. Kf2 Nf5 24. Rd3 h5 25. Rcd1 Qe7 26. Qa3 Rc6 27. Nf1 e4 28. R3d2 exf3 29. g3 h4 30. g4 Nxe3 31. Nxe3 Qe5 32. Nf1 Bh6 33. Re1 Qf6 34. Rd4 Bf4 35. Rd3 Qg5 36. Qb4 Rc4 37. Qa3 Bg3+ 38. Nxg3 hxg3+ 39. Kxg3 Qf4+ 40. Kh4 Kg7 41. Qxd6 Rh8# 0-1

[Event "BLR-ch U20"]
[Site "Minsk"]
[Date "2017.04.27"]
[Round "1"]
[White "Kotau, Arseni"]
[Black "Filipets, Egor"]
[Result "0-1"]
[WhiteElo "2055"]
[BlackElo "2328"]
[PlyCount "114"]
[EventDate "2017.04.27"]
[EventType "tourn"]
[EventRounds "7"]
[EventCountry "BLR"]
[SourceTitle "CBM 178 Extra"]
[Source "ChessBase"]
[SourceDate "2017.06.22"]
[SourceVersion "1"]
[SourceVersionDate "2017.06.22"]
[SourceQuality "1"]

1. c4 g6 2. Nc3 Bg7 3. g3 f5 4. Bg2 Nf6 5. e3 0-0 6. Nge2 e5 7. d3 Nc6 8. 0-0 d6 9. Rb1 a5 10. a3 Be6 11. Nd5 Rb8 12. Bd2 Bf7 13. Nxf6+ Bxf6 14. b4 axb4 15. axb4 d5 16. b5 Ne7 17. cxd5 Bxd5 18. e4 Be6 19. Be3 Qd7 20. d4 exd4 21. Bxd4 fxe4 22. Bxf6 Rxf6 23. Qxd7 Bxd7 24. Bxe4 Rb6 25. Rfc1 c6 26. Nd4 Kf7 27. Bd3 Kf6 28. h4 Be8 29. Bf1 Rd8 30. bxc6 Rxb1 31. Rxb1 bxc6 32. Nf3 h6 33. Rc1 Bf7 34. Bc4 Bxc4 35. Rxc4 Rd1+ 36. Kg2 Ke6 37. Nh2 Kd5 38. Rf4 Rd4 39. Rf7 Ke6 40. Rf3 c5 41. Rc3 Kd5 42. Nf3 Rd1 43. Ng1 c4 44. Ne2 Kc5 45. g4 Nd5 46. Rc2 Nb4 47. Rc3 Nd3 48. Ra3 Re1 49. Kf3 Ne5+ 50. Ke3 Nxg4+ 51. Kd2 Rb1 52. Kc2 Rf1 53. f3 Kb4 54. Ra6 Ne5 55. f4 Nd3 56. Rb6+ Kc5 57. Rxg6 Rf2 0-1

[Event "BLR-ch 1st stage"]
[Site "Minsk"]
[Date "2016.12.04"]
[Round "2"]
[White "Kotau, Arseni"]
[Black "Lomako, Pavel"]
[Result "1/2-1/2"]
[WhiteElo "2032"]
[BlackElo "2351"]
[PlyCount "48"]
[EventDate "2016.12.03"]
[EventType "swiss"]
[EventRounds "9"]
[EventCountry "BLR"]
[SourceTitle "CBM 176 Extra"]
[Source "ChessBase"]
[SourceDate "2017.03.02"]
[SourceVersion "1"]
[SourceVersionDate "2017.03.02"]
[SourceQuality "1"]

1. e4 c6 2. d4 d5 3. Nd2 dxe4 4. Nxe4 Nf6 5. Nxf6+ exf6 6. Nf3 Bd6 7. Bd3 0-0 8. 0-0 Bg4 9. c3 Nd7 10. h3 Bh5 11. Be4 Re8 12. Qd3 Bg6 13. Bxg6 hxg6 14. Bd2 Nc5 15. Qc2 Ne4 16. Rfe1 f5 17. h4 Qc7 18. Rad1 Re6 19. Qc1 Rae8 20. c4 R6e7 21. c5 Nxd2 22. Qxd2 Bf4 23. Rxe7 Rxe7 24. Qd3 Qa5 1/2-1/2

[Event "BLR-chT"]
[Site "Minsk"]
[Date "2016.04.25"]
[Round "1"]
[White "Bortnyk, Olexandr"]
[Black "Kotau, Arseni"]
[Result "1-0"]
[WhiteElo "2565"]
[BlackElo "2038"]
[PlyCount "81"]
[EventDate "2016.04.25"]
[EventType "team-swiss"]
[EventRounds "7"]
[EventCountry "BLR"]
[SourceTitle "CBM 172 Extra"]
[Source "ChessBase"]
[SourceDate "2016.06.21"]
[SourceVersion "1"]
[SourceVersionDate "2016.06.21"]
[SourceQuality "1"]
[WhiteTeam "Itransition"]
[BlackTeam "Mogilev Osdushor"]
[WhiteTeamCountry "BLR"]
[BlackTeamCountry "BLR"]

1. d4 Nf6 2. Nc3 d5 3. Bf4 c6 4. e3 g6 5. h4 Bg7 6. Bd3 Nbd7 7. Nf3 Qb6 8. a3 h5 9. b4 Ng4 10. Bg3 e5 11. Ng5 0-0 12. 0-0 a5 13. Na4 Qd8 14. c3 b5 15. Nc5 Nxc5 16. bxc5 e4 17. Be2 a4 18. Qd2 Nh6 19. f3 f6 20. Nxe4 dxe4 21. fxe4 f5 22. Bf3 Ra6 23. Qa2+ Kh7 24. e5 Re8 25. c4 bxc4 26. Qxc4 Qa5 27. Rab1 Be6 28. Qd3 Rea8 29. Rb7 Qd8 30. Rfb1 Ng8 31. e4 Ne7 32. Bf4 fxe4 33. Bxe4 Nf5 34. Bg5 Qxd4+ 35. Qxd4 Nxd4 36. Bf6 R8a7 37. Bxg7 Nb5 38. Rxa7 Rxa7 39. Bf6 Nxa3 40. Rb8 Bg8 41. e6 1-0